Socoroma: restauración de la iglesia de San Francisco de Asís
Saved in:
| Main Authors: | , |
|---|---|
| Format: | Bog |
| Sprog: | spansk |
| Udgivet: |
Magdalena Pereira
2014
|
| Udgivelse: | 1a. ed |
| Fag: | |
| Tags: |
Tilføj Tag
Ingen Tags, Vær først til at tagge denne postø!
|
MARC
| LEADER | 00000cam a2200000 a 4500 | ||
|---|---|---|---|
| 001 | UCE6023 | ||
| 003 | CL-VaPUC | ||
| 008 | 150319e20140000cl |||||||||||||||||spa|d | ||
| 020 | |a 9789568468453 | ||
| 082 | 0 | 4 | |a 720.288 |b PER |2 21 |
| 100 | 0 | |a Pereira, Magdalena |e author |9 578687 | |
| 700 | 0 | |a Heinsen, Cristián |e author |9 578688 | |
| 245 | 1 | 0 | |a Socoroma: restauración de la iglesia de San Francisco de Asís |
| 250 | |a 1a. ed | ||
| 300 | |a 187 p | ||
| 942 | |c BK | ||
| 945 | |d 20150319 12:57:00 |a dcastane | ||
| 260 | |b Magdalena Pereira |c 2014 | ||
| 650 | 0 | |a Restauración arquitectónica |9 433759 | |
| 650 | 7 | |a MONUMENTOS ARQUITECTONICOS |2 CL-VaPUC |9 369656 | |
| 650 | 0 | |a Monumentos históricos |9 308710 | |
| 650 | 0 | |a Iglesias |9 352850 | |
| 583 | |a last modification |c 20150319 12:57:00 |k Rodrigo Vera | ||
| 999 | |c 358516 |d 358514 | ||
| 952 | |0 0 |1 0 |3 erd |4 0 |6 720_288000000000000_PER_2014 |7 0 |8 A |9 467276 |a BIBARQ |b BIBARQ |i 5142105 |o 720.288 PER 2014 |p 5142105 |r 2025-01-20 |w 2019-11-23 |y BK |z Catalogado en:20150319 |k ARQ | ||
| 952 | |0 0 |1 0 |3 erd |4 0 |6 720_288000000000000_PER_2014 |7 0 |8 A |9 467277 |a BIBARQ |b BIBARQ |i 5142091 |o 720.288 PER 2014 |p 5142091 |r 2025-01-20 |w 2019-11-23 |y BK |z Catalogado en:20150319 |k ARQ | ||